000 00860nam a2200229 i 4500
001 157374
003 ES-MaACL
005 20230906210652.0
008 010307s1868 fr a |||| | fre d
040 _aCCPB | B
_bspa
_cCCPB | B
100 1 _aLe Pileur, Auguste.
_9128792
245 1 3 _aLe corps humain /
_cpar A. le Pileur ; ouvrage illustré par Léveillé.
260 _aParis :
_bHachette et Cie,
_c1868.
300 _a342 p. :
_bil. ;
_c18 cm.
490 1 _aBibliothèque des merveilles / sous la direction de Édouard Charton
650 4 _aCuerpo humano.
_9135855
700 1 _aLéveillé, J.-B.
_9129186
700 1 _aCharton, Edouard.
_9126464
830 0 _aBibliothèque des merveilles / sous la direction de Édouard Charton
_9221777
852 _aES-MaACL
_jD-1549
_z-- Enc. editorial
_z.- Legado M. de la Fuente
999 _c157374
_d157374